000
00328nam a2200145Ia 4500
100
_a
Hearn/D& Baker /M.P
250
_a
2
942
_c
BK
654
_a
Computer Graphics
245
_a
Computer Graphics C version
260
_b
Pearson Education
_a
New Delhi
_c
1997
082
_a
6.6
_b
HEA
300
_a
652
546
_a
ENGLISH
999
_c
23642
_d
23642